000 00890cab a2200253 4500
001 ABS57301
008 090401t1997 xxu||||| |||| 00| 0 eng d
035 _a(Sirsi) u79649
041 _aeng
245 _aInformation technology
260 _c1997
350 _a0
490 _aBuilding
_v257(7997) 4 July 1997, 38-42(5)
520 _aReports on a Barbour Index survey of the construction industry into rising uses of IT. Finds that Internet and CD-ROM interest has grown by 50% and 150% respectively over the last three years. Reviews new CAD package Auto CAD 14, and a brief resume of the Java programming language.
650 _aCAD
650 _aCOMPUTER-USE
650 _aCOMPUTING
650 _aCONSTRUCTION COMPANIES
650 _aINTERNET
650 _aJAVA
690 _aMANAGEMENT-BUSINESS MANAGEMENT-INFORMATION MANAGEMENT
942 _n0
948 _c16/07/1997
999 _c50093
_d50093